Culture Générale - Série 2246 - Statistiques

Statistiques générales
  • Ce quiz a été pris 121 fois
  • Le résultat moyen est 4 sur 10
Statistiques - réponses
Question Réponse % Correct
Quel nom porte le célèbre monstre du Loch Ness ? Nessie
84%
Quel était le premier roman de Françoise Sagan ? Bonjour tristesse
56%
De quel département français fait partie l'île d'Hoedic ? Morbihan
53%
Quel acteur était Yves Saint Laurent dans le film du même nom réalisé en 2014 par Jalil Lespert ? prénom et nom - voir photo Pierre Niney
53%
Dans la mythologie grecque, quelle est la déesse du mariage ? Héra
43%
Dans quelle ville Victor Hugo est-il né ? Besançon
40%
Dans quelle ville François Mauriac est-il né? Bordeaux
34%
Qui a écrit, Les racines du ciel, prix Goncourt en 1956, hymne à la faune africaine ? prénom et nom Romain Gary
19%
Quel étaient les prénom et nom de l'éthologue américaine, qui a étudié les gorilles et fut assassinée en 1985? Dian Fossey
14%
Quel est le seul volcan actif en Antarctique ? mont Erebus
12%
Aucun quiz correspondant
Distribution des résultats
% des personnes avec chaque résultat
Percentile par nombre de réponses
Votre historique - résultats
Vous n’avez pas pris ce quiz